ბათუმის შოთა რუსთაველის სახელმწიფო უნივერსიტეტის ბიბლიოთეკა

თხზულებანი : 25 ტომად. ტ. 1 : გრაფი მონტე-კრისტო. ნაწ. 1-2 (ბიბ.ჩანაწერი № 56632)

000 -LEADER
fixed length control field 00918nam a2200229Ia 4500
001 - CONTROL NUMBER
control field 23753
003 - CONTROL NUMBER IDENTIFIER
control field GE_BSU
008 - FIXED-LENGTH DATA ELEMENTS--GENERAL INFORMATION
fixed length control field 181216s||||||||xx |||||||||||||| ||und||
040 ## - CATALOGING SOURCE
Transcribing agency GE_BSU
080 ## - UNIVERSAL DECIMAL CLASSIFICATION NUMBER
Universal Decimal Classification number 821.133.1 + 821.133.1-31
100 ## - MAIN ENTRY--PERSONAL NAME
Personal name დიუმა, ა.
245 ## - TITLE STATEMENT
Title თხზულებანი : 25 ტომად. ტ. 1 : გრაფი მონტე-კრისტო. ნაწ. 1-2
245 ## - TITLE STATEMENT
Statement of responsibility, etc. თარგმნა თამარ საჯაიამ ; რედ.: ევა ჩიკაშუა. მხატვ. ირ. ყიფშიძე
260 ## - PUBLICATION, DISTRIBUTION, ETC.
Place of publication, distribution, etc. თბილისი
260 ## - PUBLICATION, DISTRIBUTION, ETC.
Name of publisher, distributor, etc. მერანი
260 ## - PUBLICATION, DISTRIBUTION, ETC.
Date of publication, distribution, etc. 1992
300 ## - PHYSICAL DESCRIPTION
Extent 544 გვ. 20 სმ.
653 ## - INDEX TERM--UNCONTROLLED
Uncontrolled term თხზულებანი : 25 ტომად. ტ. 1 : გრაფი მონტე-კრისტო. ნაწ. 1-2
653 ## - INDEX TERM--UNCONTROLLED
Uncontrolled term რომანი
942 ## - ADDED ENTRY ELEMENTS (KOHA)
Koha item type წიგნი
ეგზემპლარები
Withdrawn status Lost status Damaged status Not for loan Date acquired Barcode Date last seen Price effective from Koha item type
        2018-12-17 28552 2018-12-17 2018-12-17 წიგნი
        2018-12-17 28553 2018-12-17 2018-12-17 წიგნი